Stromberg Episodes Quiz Stats

Quiz not verified by Sporcle

Challenge
Share
Tweet
Embed
Score 0/46 Timer 07:00
0 Plays Today
Staffel % Correct
1Der Parkplatz
91.7%
2Herr Becker
91.7%
3Erika
91.7%
4Finsdorf
91.7%
2Bowling
75%
2Badminton
75%
3Jennifer
75%
1Die Beförderung
66.7%
1Der letzte Tag
66.7%
2Theo
66.7%
3Nicole
66.7%
3Lulu
66.7%
5Frau Papenacker
66.7%
1Feueralarm
58.3%
2Die Putzfrau
58.3%
3Jochen
58.3%
3Herr Loermann
58.3%
4Sally
58.3%
2Die Kündigung
50%
2Tag der offenen Tür
50%
5Malik
50%
1Mobbing
41.7%
2Männerfreundschaft
41.7%
Staffel % Correct
2Der Vertrag
41.7%
3Karneval
41.7%
1Diebstahl
33.3%
2Der Kurs
33.3%
4Helge
33.3%
4Gernot
33.3%
4Die Rückkehr
33.3%
5Frau Wilhelmi
33.3%
5Jonas
33.3%
5Der Rodach-Bonus
33.3%
5Der Abschied
33.3%
1Der Geburtstag
25%
3Der Protest
25%
4Pärchenabend
25%
5Die Konferenz
25%
5Herr Rüther
25%
5Cheyenne
25%
4Beziehungen
16.7%
4Herr Nehring
16.7%
4Die Abrechnung
16.7%
1Die gute Tat
8.3%
4Seelsorge
8.3%
5Der Nachfolger
0%

You're not logged in!

Compare scores with friends on all Sporcle quizzes.
Sign Up with Email
OR
Log In

You Might Also Like...

Show Comments

Extras

Top Quizzes Today


Score Distribution

Your Account Isn't Verified!

In order to create a playlist on Sporcle, you need to verify the email address you used during registration. Go to your Sporcle Settings to finish the process.

Report this User

Report this user for behavior that violates our Community Guidelines.

Details: